000 00289nam a22001337a 4500
008 170911b xxu||||| |||| 00| 0 eng d
020 _a9780030750137
041 _aeng
080 _23RD
_a53
100 _a43
101 _aFIZ
245 _aCOLLEGE PHYSICS
_cGORDON,J.R
942 _2udc
_cBK
999 _c27183
_d27183